000
00339nam a2200145Ia 4500
005
20251222152652.0
008
251222s9999||||xx |||||||||||||| ||spa||
020
_a
8401370663
082
_a
303.4/T67
100
_a
Toffler, Alvin
245
0
_a
La Tercera Ola
250
_a
1ra.ed.
264
_b
Plaza James Editores, S.A.
942
_c
LIB
999
_c
28489
_d
28489